Pays communistes - Mort subite - Statistiques

Statistiques générales
  • Ce quiz a été pris 1 732 fois
  • Le résultat moyen est 6 sur 11
Answers on the Grid
Answers color-coded by a green-red scale on the quiz's grid according to % correct below.
Chine
URSS
Italie
Grèce
Corée du Nord
Portugal
Afghanistan
Corée du Sud
Laos
Cuba
Jamaïque
Ethiopie
Congo-Brazzaville
Tanzanie
Côte d'Ivoire
Viet Nam
Grenade
Panama
Turquie
Albanie
 
Statistiques - réponses
Réponse % Correct
Entre 1922 et 1991 URSS
99%
Depuis 1949 Chine
96%
Depuis 1948 Corée du Nord
85%
Depuis 1959 Cuba
76%
Depuis 1976 dans tout le pays Viet Nam
72%
Depuis 1975 Laos
47%
De 1978 à 1992 Afghanistan
38%
De 1944 à 1990 Albanie
34%
De 1969 à 1992 Congo-Brazzaville
27%
De 1987 à 1991 Ethiopie
18%
De 1979 à 1983 Grenade
17%
Aucun quiz correspondant
Distribution des résultats
% des personnes avec chaque résultat
Percentile par nombre de réponses
Votre historique - résultats
Vous n’avez pas pris ce quiz